<?xml version="1.0" encoding="UTF-8"?>
<record
    xmlns:xsi="http://www.w3.org/2001/XMLSchema-instance"
    xsi:schemaLocation="http://www.loc.gov/MARC21/slim http://www.loc.gov/standards/marcxml/schema/MARC21slim.xsd"
    xmlns="http://www.loc.gov/MARC21/slim">

  <leader>01204    a2200241   4500</leader>
  <datafield tag="999" ind1=" " ind2=" ">
    <subfield code="c">1371</subfield>
    <subfield code="d">1371</subfield>
  </datafield>
  <controlfield tag="005">20181106152006.0</controlfield>
  <datafield tag="010" ind1=" " ind2=" ">
    <subfield code="a">HIN-79216</subfield>
  </datafield>
  <datafield tag="020" ind1=" " ind2=" ">
    <subfield code="c">250.00</subfield>
    <subfield code="a">8189462431</subfield>
  </datafield>
  <datafield tag="035" ind1=" " ind2=" ">
    <subfield code="a">HN-51562</subfield>
  </datafield>
  <datafield tag="035" ind1=" " ind2=" ">
    <subfield code="a">B-245331</subfield>
  </datafield>
  <datafield tag="035" ind1=" " ind2=" ">
    <subfield code="a">B-245330</subfield>
  </datafield>
  <datafield tag="035" ind1=" " ind2=" ">
    <subfield code="a">B-245313</subfield>
  </datafield>
  <datafield tag="037" ind1=" " ind2=" ">
    <subfield code="b">D.B.Act / ven</subfield>
  </datafield>
  <datafield tag="082" ind1=" " ind2=" ">
    <subfield code="a">510.7</subfield>
  </datafield>
  <datafield tag="100" ind1=" " ind2=" ">
    <subfield code="a">&#x917;&#x941;&#x92A;&#x94D;&#x924;&#x93E;, &#x91C;&#x92F;&#x947;&#x928;&#x94D;&#x926;&#x94D;&#x930; &#x936;&#x947;&#x916;&#x930;</subfield>
  </datafield>
  <datafield tag="245" ind1=" " ind2=" ">
    <subfield code="a">&#x917;&#x923;&#x93F;&#x924; &#x936;&#x93F;&#x915;&#x94D;&#x937;&#x923;</subfield>
    <subfield code="c">&#x91C;&#x92F;&#x947;&#x928;&#x94D;&#x926;&#x94D;&#x930; &#x936;&#x947;&#x916;&#x930;</subfield>
    <subfield code="b">&#x92C;&#x940; &#x90F;&#x921;/&#x92F;&#x942;.&#x91C;&#x942;.&#x938;&#x940;.&#x915;&#x947; &#x928;&#x935;&#x940;&#x928;&#x924;&#x92E; &#x92A;&#x93E;&#x920;&#x92F;&#x915;&#x94D;&#x930;&#x92E;&#x93E;&#x928;&#x941;&#x938;&#x93E;&#x930;</subfield>
  </datafield>
  <datafield tag="260" ind1=" " ind2=" ">
    <subfield code="a">&#x91C;&#x92F;&#x92A;&#x941;&#x930;</subfield>
    <subfield code="b">&#x936;&#x94D;&#x930;&#x940; &#x915;&#x935;&#x93F;&#x924;&#x93E; &#x92A;&#x94D;&#x930;&#x915;&#x93E;&#x936;&#x928;</subfield>
    <subfield code="c">2007</subfield>
  </datafield>
  <datafield tag="260" ind1=" " ind2=" ">
    <subfield code="a">&#x91C;&#x92F;&#x92A;&#x941;&#x930; (&#x935;&#x93F;&#x924;&#x930;&#x915;)&#x905;&#x92A;&#x94B;&#x932;&#x94B; &#x92A;&#x94D;&#x930;&#x915;&#x93E;&#x936;&#x928;</subfield>
  </datafield>
  <datafield tag="270" ind1=" " ind2=" ">
    <subfield code="a">21-&#x90F;, &#x936;&#x94D;&#x930;&#x940;&#x92A;&#x942;&#x930;&#x92E;&#x94D;,&#x917;&#x941;&#x930;&#x94D;&#x91C;&#x930; &#x915;&#x940; &#x925;&#x921;&#x93C;&#x940; &#x928;&#x94D;&#x92F;&#x942; &#x938;&#x93E;&#x902;&#x917;&#x93E;&#x928;&#x947;&#x930; &#x930;&#x94B;&#x921;,&#x938;&#x94B;&#x921;&#x93C;&#x93E;&#x932;&#x93E;</subfield>
    <subfield code="b">&#x91C;&#x92F;&#x92A;&#x941;&#x930;</subfield>
  </datafield>
  <datafield tag="270" ind1=" " ind2=" ">
    <subfield code="a">25 &#x92A;&#x93F;&#x902;&#x915;&#x938;&#x93F;&#x91F;&#x940; &#x92E;&#x93E;&#x930;&#x94D;&#x915;&#x947;&#x91F;,&#x92A;&#x902;&#x91A;&#x935;&#x91F;&#x940; &#x930;&#x93E;&#x91C;&#x93E;&#x92A;&#x93E;&#x930;&#x94D;&#x915;</subfield>
  </datafield>
  <datafield tag="300" ind1=" " ind2=" ">
    <subfield code="a">216&#x92A;&#x943;</subfield>
    <subfield code="c">22 &#x938;&#x947;&#x92E;&#x940; (&#x938;&#x91C;&#x93F;&#x932;&#x94D;&#x926;)</subfield>
  </datafield>
  <datafield tag="942" ind1=" " ind2=" ">
    <subfield code="a">dpl</subfield>
    <subfield code="c">HN</subfield>
    <subfield code="k">510.7 / &#x917;&#x941;&#x92A;&#x94D;&#x924;&#x93E;&#x91C;</subfield>
    <subfield code="2">ddc</subfield>
    <subfield code="h">510.7</subfield>
    <subfield code="m">&#x917;&#x941;&#x92A;&#x94D;&#x924;&#x93E;&#x91C;</subfield>
  </datafield>
  <datafield tag="952" ind1=" " ind2=" ">
    <subfield code="0">0</subfield>
    <subfield code="1">0</subfield>
    <subfield code="4">0</subfield>
    <subfield code="7">1</subfield>
    <subfield code="8">NFIC</subfield>
    <subfield code="a">CJ</subfield>
    <subfield code="b">DBAD</subfield>
    <subfield code="d">2008-09-08</subfield>
    <subfield code="g">250.00</subfield>
    <subfield code="l">0</subfield>
    <subfield code="o">510.7 &#x917;&#x941;&#x92A;&#x94D;&#x924;&#x93E;&#x91C;</subfield>
    <subfield code="p">HN-51562</subfield>
    <subfield code="r">2008-09-15 00:00:00</subfield>
    <subfield code="t">1</subfield>
    <subfield code="u">1445</subfield>
    <subfield code="v">250.00</subfield>
    <subfield code="w">2008-09-15</subfield>
    <subfield code="y">HN</subfield>
  </datafield>
  <datafield tag="952" ind1=" " ind2=" ">
    <subfield code="0">0</subfield>
    <subfield code="1">0</subfield>
    <subfield code="2">ddc</subfield>
    <subfield code="4">0</subfield>
    <subfield code="7">0</subfield>
    <subfield code="8">NFIC</subfield>
    <subfield code="a">VP</subfield>
    <subfield code="b">VP</subfield>
    <subfield code="d">2008-10-01</subfield>
    <subfield code="e">BPPD /</subfield>
    <subfield code="g">250.00</subfield>
    <subfield code="l">3</subfield>
    <subfield code="m">1</subfield>
    <subfield code="o">510.7 &#x917;&#x941;&#x92A;&#x94D;&#x924;&#x93E;&#x91C;</subfield>
    <subfield code="p">B-284097</subfield>
    <subfield code="r">2013-08-24 00:00:00</subfield>
    <subfield code="s">2013-08-10</subfield>
    <subfield code="t">1</subfield>
    <subfield code="v">250.00</subfield>
    <subfield code="w">2008-10-01</subfield>
    <subfield code="y">HN</subfield>
  </datafield>
  <datafield tag="952" ind1=" " ind2=" ">
    <subfield code="0">0</subfield>
    <subfield code="1">0</subfield>
    <subfield code="2">ddc</subfield>
    <subfield code="4">0</subfield>
    <subfield code="7">0</subfield>
    <subfield code="8">NFIC</subfield>
    <subfield code="a">ZLS</subfield>
    <subfield code="b">ZLS</subfield>
    <subfield code="d">2012-05-17</subfield>
    <subfield code="g">250.00</subfield>
    <subfield code="l">0</subfield>
    <subfield code="o">510.7 &#x917;&#x941;&#x92A;&#x94D;&#x924;&#x93E;&#x91C;</subfield>
    <subfield code="p">B-245331</subfield>
    <subfield code="r">2012-05-17 00:00:00</subfield>
    <subfield code="v">250.00</subfield>
    <subfield code="w">2012-05-17</subfield>
    <subfield code="y">HN</subfield>
  </datafield>
  <datafield tag="952" ind1=" " ind2=" ">
    <subfield code="0">0</subfield>
    <subfield code="1">0</subfield>
    <subfield code="2">ddc</subfield>
    <subfield code="4">0</subfield>
    <subfield code="7">0</subfield>
    <subfield code="8">NFIC</subfield>
    <subfield code="a">ZLS</subfield>
    <subfield code="b">ZLS</subfield>
    <subfield code="d">2012-05-18</subfield>
    <subfield code="g">250.00</subfield>
    <subfield code="l">0</subfield>
    <subfield code="o">510.7 &#x917;&#x941;&#x92A;&#x94D;&#x924;&#x93E;&#x91C;</subfield>
    <subfield code="p">B-245313</subfield>
    <subfield code="r">2012-05-18 00:00:00</subfield>
    <subfield code="v">250.00</subfield>
    <subfield code="w">2012-05-18</subfield>
    <subfield code="y">HN</subfield>
  </datafield>
  <datafield tag="952" ind1=" " ind2=" ">
    <subfield code="0">0</subfield>
    <subfield code="1">0</subfield>
    <subfield code="4">0</subfield>
    <subfield code="7">0</subfield>
    <subfield code="8">NFIC</subfield>
    <subfield code="a">RC</subfield>
    <subfield code="b">RC</subfield>
    <subfield code="d">2018-11-06</subfield>
    <subfield code="g">250.00</subfield>
    <subfield code="l">0</subfield>
    <subfield code="o">510.7 &#x917;&#x941;&#x92A;&#x94D;&#x924;&#x93E;&#x91C;</subfield>
    <subfield code="p">B-245330</subfield>
    <subfield code="r">2018-11-06 00:00:00</subfield>
    <subfield code="v">250.00</subfield>
    <subfield code="w">2018-11-06</subfield>
    <subfield code="y">HN</subfield>
  </datafield>
</record>
